|
|
|
|
| LEADER |
00000cas a2200000 a 4500 |
| 001 |
vtls001401642 |
| 003 |
SK-MaSNL |
| 005 |
20260228160118.0 |
| 008 |
160329c19961999gw ar 0 0b0ger |
| 015 |
|
|
|a SNBZSA2001-00522
|
| 020 |
|
|
|a 3980493598
|
| 035 |
|
|
|a SNK000356151
|
| 040 |
|
|
|a SNK
|b slo
|c SNK
|e AACR2
|
| 041 |
0 |
|
|a ger
|
| 044 |
|
|
|a gw
|c DE
|
| 072 |
|
7 |
|a 37
|x Výchova a vzdelávanie
|2 konspekt
|
| 080 |
|
|
|a 37
|2 2011
|
| 080 |
|
|
|a 050
|2 2011
|
| 080 |
|
|
|a (082)
|2 2011
|
| 110 |
2 |
|
|a Gesellschaft deutscher und slowakischer Pädagogen Freiburg im Breisgau, Nemecko
|9 265972
|
| 245 |
1 |
0 |
|a Beiträge zur deutschen und slowakischen Pädagogik
|b Jahrbuch 1999
|c Gesellschaft deutscher und slowakischer Pädagogen an der Pädagogischen Hochschule Freiburg im Breisgau ; [Herausgeber: Rafael Frick ... [et al.]]
|
| 260 |
|
|
|a Freiburg im Breisgau
|b Gesellschaft deutscher und slowakischer Pädagogen an der Pädagogischen Hohschule
|c 1996-[1999]
|
| 300 |
|
|
|a 4 zv.
|c 21 cm
|
| 310 |
|
|
|a 1x ročne
|
| 362 |
0 |
|
|a 1996-[1999]
|
| 500 |
|
|
|a Vychádza ročne od r. 1996: Jahrbuch 1995
|
| 504 |
|
|
|a Bibliogr. odkazy. Zoz. aut.
|
| 650 |
0 |
7 |
|a pedagogika
|2 SNKPH
|9 955
|
| 655 |
|
7 |
|a zborníky
|2 SNK
|9 70165
|
| 700 |
1 |
|
|a Frick, Rafael
|4 com
|9 265973
|
| 700 |
1 |
|
|a Masarik, Pavol
|4 com
|9 265974
|
| 700 |
1 |
|
|a Porubská, Gabriela
|4 com
|9 7105
|
| 700 |
1 |
|
|a Wodraschke, Georg
|4 com
|9 265975
|
| 910 |
|
|
|a snk
|
| 919 |
|
|
|a 3-9804935-9-8
|
| 958 |
|
|
|a ZS
|
| 958 |
|
|
|a TL
|
| 958 |
|
|
|a NB
|
| 958 |
|
|
|a ZB
|
| 958 |
|
|
|a DE
|
| 999 |
|
|
|c 1513
|d 3443
|
| 952 |
|
|
|0 0
|1 0
|4 0
|7 0
|8 2
|a SNK
|b SNK
|d 2001-12-14
|i snkV 1731/2001
|l 0
|o snkČSD 2237/1999
|p 17A0325262
|r 2005-01-02 00:00:00
|w 2026-02-21
|y PREZ
|